000 00364nam a2200133Ia 4500
008 221030s9999 xx 000 0 und d
041 _aEnglish
100 _aM. Mohammad
245 0 _aRationalisation of Corporate Tax Structure
_cby M. Mohammad
260 _bThree Way Printers
_aAligarh
_c1974
300 _a214
650 _aCorporate Tax Structure
942 _cBK
999 _c18987
_d18987